000 00331 a2200157 4500
001 176846
020 _a
040 _cMagnum
100 _a-
240 1 0 _aJoao, o matador de gigantes
_lpor
245 1 0 _aJoao, o matador de gigantes
362 0 _a1899
440 1 _aFTD
697 _aMAGNITO: I/FADAS, FANTASIA
942 _cBK
999 _c176846
_d176846